ბათუმის შოთა რუსთაველის სახელმწიფო უნივერსიტეტის ბიბლიოთეკა

საქართველოს ფლორა IX (ბიბ.ჩანაწერი № 44573)

000 -LEADER
fixed length control field 00902nam a2200205Ia 4500
001 - CONTROL NUMBER
control field 11376
003 - CONTROL NUMBER IDENTIFIER
control field GE_BSU
008 - FIXED-LENGTH DATA ELEMENTS--GENERAL INFORMATION
fixed length control field 181216s||||||||xx |||||||||||||| ||und||
040 ## - CATALOGING SOURCE
Transcribing agency GE_BSU
080 ## - UNIVERSAL DECIMAL CLASSIFICATION NUMBER
Universal Decimal Classification number 581.9(479.22)
245 ## - TITLE STATEMENT
Title საქართველოს ფლორა IX
245 ## - TITLE STATEMENT
Statement of responsibility, etc. შემდგ. რ. გაგნიძე, მ. დავლიანიძე, მ. ერისთავი და სხვ. მთ რედ: ნ. კეცხოველი, პ/მგ რედ: რ. გაგნიძე, ტომის რედ: ი. ლაჩაშვილი, ი. მანდენოვა, შ. ქუთათელაძე
260 ## - PUBLICATION, DISTRIBUTION, ETC.
Place of publication, distribution, etc. თბილისი.
260 ## - PUBLICATION, DISTRIBUTION, ETC.
Name of publisher, distributor, etc. მეცნიერება.
260 ## - PUBLICATION, DISTRIBUTION, ETC.
Date of publication, distribution, etc. 1984
300 ## - PHYSICAL DESCRIPTION
Extent 342გვ.26სმ.
300 ## - PHYSICAL DESCRIPTION
Accompanying material ილ.
653 ## - INDEX TERM--UNCONTROLLED
Uncontrolled term საქართველოს ფლორა IX
942 ## - ADDED ENTRY ELEMENTS (KOHA)
Koha item type წიგნი
ეგზემპლარები
Withdrawn status Lost status Damaged status Not for loan Date acquired Barcode Date last seen Price effective from Koha item type
        2018-12-17 19693 2018-12-17 2018-12-17 წიგნი
        2018-12-17 19692 2018-12-17 2018-12-17 წიგნი